000 00255nam a22001097a 4500
999 _c8164
_d8164
003 OSt
005 20200806152938.0
008 200806b ||||| |||| 00| 0 eng d
082 _a363.349
245 _aGandhi Nu Gam-Ludiya:Partnering with people
942 _2ddc